Statistiques concernant Nomme 2 Idoles Qui Sont Né Dans Chaque Mois

Cliquez ici pour prendre le quiz!

Statistiques générales

  • Ce quiz a été pris 139 fois
  • Le résultat moyen est 14 sur 24

Statistiques - réponses

MoisNom% Correct
MarsSuga
92%
MaiYeji
82%
JanvierJennie
79%
AoûtChaewon
78%
OctobreLee Know
75%
FévrierRosé
73%
JanvierJisoo
72%
NovembreMomo
72%
MarsMina
69%
JuinChaeryeong
66%
SeptembreJungkook
66%
DécembreSana
63%
MaiDahyun
61%
NovembreJeongyeon
60%
OctobreJimin
58%
DécembreV
57%
AvrilMingyu
51%
AvrilRyujin
44%
JuilletTaemin
44%
FévrierJ-Hope
39%
JuilletTaeyong
35%
SeptembreRM
30%
JuinHaechan
29%
AoûtTiffany
25%

Distribution des résultats

Percentile par nombre de réponses

% des personnes avec chaque résultat

Votre développement - résultats

Vous n’avez pas pris ce quiz